[Event "Zuerich Kortschnoj-A"]
[Site "Zuerich"]
[Date "2001.04.28"]
[Round "4"]
[White "Short, Nigel D"]
[Black "Piket, Jeroen"]
[Result "0-1"]
[WhiteElo "2676"]
[BlackElo "2628"]
[Annotator "Lukacs,P"]
[PlyCount "62"]
[EventDate "2001.04.28"]
[EventType "tourn"]
[EventRounds "5"]
[EventCountry "SUI"]
[EventCategory "14"]
[SourceTitle "CBM 083"]
[Source "ChessBase"]
[SourceDate "2001.07.05"]
[SourceVersion "1"]
[SourceVersionDate "2001.07.05"]
[SourceQuality "1"]

1. e4 e5 2. Nf3 Nc6 3. Bc4 Bc5 4. b4 Bxb4 5. c3 Ba5 6. d4 exd4 7. Qb3 Qf6 $5 {
This reply was already heavily used in the XIX-th century!} (7... Qe7 $142) 8.
O-O Bb6 (8... Nh6 $6 {The N is usually misplaced here.} 9. cxd4 Bb6 10. e5 Qg6
11. Bd3 $44) (8... Nge7 9. cxd4 $1 O-O (9... d6 $2 {is a typical error now.}
10. Bg5 {All coming blows are forced.} Qg6 11. d5 Ne5 12. Nxe5 dxe5 13. Bxe7
Kxe7 14. Qa3+ Kd8 15. d6 $1 ({better than} 15. Qxa5 Bh3) 15... Bb6 16. dxc7+
Kxc7 17. Nc3 $16 {Harding-Day, corr England 1974}) (9... Bb6 $2 {allows White
the advance of his central pawns.} 10. e5 Qg6 11. Bd3 $1 Qh5 12. d5 Nd8 13. Ba3
$16) (9... Nxd4 $2 10. Nxd4 Qxd4 11. Bxf7+ Kf8 (11... Kd8 12. Bb2 $16) 12. Bh5
$1 d5 13. exd5 $1 Qxd5 14. Rd1 $1 $18) 10. Bb2 (10. e5 $5 {deserved serious
attention.}) 10... d6 11. d5 $5 (11. Nc3 Nxd4 12. Nd5 (12. Nxd4 Qxd4 13. Rad1
$1 Qb6) 12... Nxf3+ 13. Qxf3 Qxb2 14. Nxe7+ Kh8 15. Rab1 Qd4 $17) (11. Rd1 {
keeping the mighty P [+] intact.} Bg4 12. Rd3 Bb6 13. Nbd2 Na5 14. Qc2 $44)
11... Ne5 12. Nxe5 dxe5 13. f4 Bb6+ (13... Qb6+) 14. Kh1 Qg6 $13 {
Anderssen-Kolisch, Paris 1886}) (8... b5 $142 $5 {Black gives back a P, but
gets some tempi for it.} 9. Bd5 (9. Bxb5 Rb8 10. Qa4 Nge7 11. e5 Nxe5 $1 {
This is the beginning of Black's counterattack, for example:} (11... Qg6 12.
Ba3 $1 (12. cxd4 Bb7) 12... Bb7 (12... Bxc3 $5 13. Nxc3 dxc3 $13) 13. Bxe7 a6 (
13... Nxe5 $5 14. Nh4 $1 Nf3+ 15. Nxf3 Bxf3 {(Steel-Blackburne, London 1881)}
16. g3 $1 Kxe7 17. Qxa5 $16) 14. Bxc6 Bxc6 15. Qxa5 Bxf3 16. g3 Kxe7 17. cxd4
$13) 12. Qxa5 (12. Nxd4 Bb6 $19) 12... Nxf3+ 13. gxf3 Qg6+ 14. Kh1 Qf5 $19)
9... h6 $1 {10...Nge7 will come with a tempo.} 10. cxd4 (10. e5 Qg6 11. Nxd4
Nge7) 10... Nge7 11. e5 (11. Qxb5 Rb8 12. Qd3 Nxd5 13. exd5 Ne7 $17) 11... Qf5
12. Nbd2 Nxd5 13. Qxd5 O-O 14. Ba3 b4 $1 15. Bb2 Bb6 16. Qb3 (16. Nc4 Bb7 $17)
(16. Qe4 Qxe4 17. Nxe4 Bb7 $17) 16... a5 $17 {Breyer-Schlechter, Baden-Baden
1914}) 9. e5 Qg6 10. cxd4 (10. Ba3 $5 {is also met by Black's main threat} Na5
$1 11. Qb4 $1 {/\ Qf8#} (11. Qa4 Nxc4 12. Qxc4 d3 $1 (12... Qe6 13. Qd3 Ne7 14.
cxd4 Nd5 $13) (12... Ne7 13. Bxe7 Kxe7 14. cxd4 $44)) 11... c5 (11... d6 12.
exd6 Nxc4 13. d7+ Kxd7 14. Qxc4 Qe6 15. Qb4 $44 {and the black K is exposed in
the [+].}) 12. Qa4 Nxc4 13. Qxc4 Qe6 14. Nbd2 $5 (14. Qxe6+ dxe6 15. cxd4 Bd7 (
15... cxd4 16. Nbd2 Ne7 17. Nc4) 16. Bxc5 Bxc5 17. dxc5 Bc6 $11) 14... Ne7 (
14... Qxc4 15. Nxc4 dxc3 16. Nd6+ Ke7 17. Rac1 {Black is doomed to ethernal
passivity because of the mighty N on d6.} Nh6 18. Rxc3 $44 {Boor-Rajlich,
Oberlin op 1999}) (14... dxc3 15. Qxc3 Ne7 16. Ne4 O-O) 15. cxd4 cxd4 16. Ng5
Qxc4 17. Nxc4 Bc7 18. Rfe1 $44) 10... Na5 (10... Bxd4 $6 11. Nxd4 Nxd4 12. Qd1
Nc6 13. Nc3 {White's lead of development is annoying.} Nge7 14. Nb5 O-O 15.
Nxc7 Nxe5 16. Ba3 d6 17. Qxd6 Nxc4 18. Qxg6 Nxg6 19. Bxf8 $16 {
Mnatsakanian-Vaisman, Moscow-ch Trades Union 1964}) (10... Nxd4 $6 11. Nxd4
Bxd4 12. Nc3 Nh6 (12... Ne7 13. Ba3 $40) 13. Ba3 $1 $44 {and Black cannot
castle >>.} ({but not} 13. Be3 $2 Bxe5 14. Bxh6 Qxh6 15. g3 O-O $19 {
Bird-Chigorin, Hastings 1895})) 11. Qa4 Nxc4 12. Qxc4 Ne7 13. Ba3 $6 (13. a4
$142 d5 (13... c6 14. Ba3 $44 {H.Pedersen-B.Georgiev, Copenhagen Obro op 1989})
14. exd6 cxd6 15. a5 $44) 13... Qe6 {[#]} 14. d5 $1 {White is fishing in
troubled waters.} (14. Rc1 d5 $1 (14... Nd5 15. Ng5 Qc6 16. Qb3 Qg6 17. Qxd5
Qxg5 18. Nc3 $44) (14... Qxc4 15. Rxc4 d5 16. exd6 Be6 17. Rc1 cxd6 18. Bxd6
Rd8 $15 {with a ^^, weak d P, and << P majority.}) 15. exd6 cxd6 $15) 14...
Qxd5 (14... Nxd5 {allows White to win more tempi and open up the position
against the K in the middle.} 15. Ng5 $1 (15. Nbd2 $143 Ne7 16. Qh4 Ng6 $17) (
15. Nd4 $143 Qg4 16. Qxd5 Qxd4 17. Qb3 d6 18. exd6 (18. Bb2 Qg4 19. exd6 O-O)
18... O-O 19. d7 Bxd7 20. Bxf8 Be6 $17) 15... Qxe5 $5 (15... Qc6 16. Qe4 Qg6 (
16... h6 17. Rc1) 17. Qxd5 $44 {- 15...Qg6}) (15... Qg6 16. Qxd5 Qxg5 17. Nc3
$44 {and White has an enormous lead of development.}) 16. Nf3 (16. Nc3 Qxg5 $1)
16... Qxa1 17. Re1+ Kd8 18. Ne5 Qxe5 {This is the only defence.} 19. Rxe5 c6
20. Qg4 $44) 15. Qe2 Ng6 (15... Qe6 16. Nc3 $44) 16. Nc3 Nf4 $5 (16... Qe6 17.
Qe4 $44) 17. Qb2 (17. Nxd5 $5 Nxe2+ 18. Kh1 c6 (18... Ba5 19. Rae1 $1 c6 {
- 18...c6}) 19. Rae1 (19. Rfe1 cxd5 20. Rxe2 Ba5 21. Nd4 b6 22. Nf5 $44) 19...
cxd5 20. Rxe2 Bd8 (20... Ba5 21. Nd4 (21. Rd1 b6 22. Nd4 Ba6 23. Rc2) 21... b6
22. Rc2 (22. Nf5 $2 Ba6 $1) 22... Ba6 23. Rfc1 $44 (23. Rd1 {- 21.Rd1})) 21.
Nd4 (21. Rc1 b6 $1) 21... Be7 22. Bxe7 Kxe7 23. Nf5+ Kf8 24. Rd2 b6 (24... d6
25. Nxd6 Be6 26. f4 $14) 25. Rxd5 Ba6 26. Rc1 Rc8 27. Rxc8+ Bxc8 28. Rd3 g6 29.
Nd6 Ke7 30. Rc3 Ba6 31. Ra3 Be2 32. Rxa7 f6 $11 {blowing up White's [+] just
in time.}) 17... Qd3 18. Rae1 (18. Qb4 $1 {was the correct continuation of the
-> provoking weakening moves.} Nh3+ $1 (18... Ng6 19. Rad1 $44) (18... c5 19.
Qxf4 Qxc3 20. Qa4 $44) 19. gxh3 (19. Kh1 c5 20. Qb2 Nf4 21. Nb5 O-O) 19... c5
$1 20. Qb3 Qxf3 21. Nb5 $1 {White's |^ remains dangerous even without queens.}
(21. Nd5 $143 {allows Black to come out of passivity.} Qxb3 22. axb3 d6 23. Bb2
Bd8 24. exd6 Be6 $1 $17) 21... Qxb3 22. Nd6+ $1 {This is the point!} (22. axb3
d5 $1) 22... Ke7 23. axb3 f6 24. Rad1 fxe5 25. Rfe1 $44 {and the B on c8
remains pathetic.}) 18... Qg6 19. Nh4 $1 (19. g3 Nd3 20. Qb3 Nxe1 21. Rxe1 Kd8
22. Nd5 Re8 $19) 19... Qg4 20. g3 Nd3 21. Qc2 Nxe1 22. Rxe1 Kd8 23. Nd5 {
White has still a phantastic compensation for the sacrificed material.} Re8 24.
Re4 $2 {This is the decisive error.} (24. Bc5 $1 {gave White good chances to
continue the ->, for example:} Re6 (24... Ba5 25. Bb4 $1 Bb6 26. Bc5 Re6 {
- 24...Re6}) (24... Bxc5 $2 25. Qxc5 c6 26. Qa5+ b6 27. Nxb6 axb6 28. Qxb6+ Ke7
29. Qc5+ $11) (24... c6 $2 25. Nxb6 $18) 25. Bxb6 cxb6 (25... axb6 26. Qxc7+
Ke8 27. Qc2 Kf8 28. Nf5 $44 (28. Qxh7 Rh6)) 26. Nf5 Rc6 27. Qd3 $44) 24... Qe6
$19 {Now Black will play d6 and the white P will shelter the black K.} 25. Nf4
Qc6 26. Rc4 (26. Qd3 g5) 26... Qb5 27. Nf3 d5 $1 {The B finally comes out of
passivity.} 28. exd6 Bf5 29. dxc7+ Kc8 {The K is safe here!} 30. Qc1 Qb1 $1 31.
Ng5 $2 {This loses outright, but other tries were no better:} (31. Bc5 Ba5 $19)
(31. Nd5 Qxc1+ 32. Rxc1 Be4 $19) 31... Re1+ 0-1

[Event "Dubai op"]
[Site "Dubai"]
[Date "2001.04.20"]
[Round "6"]
[White "Sveshnikov, Evgeny"]
[Black "Sharma, Dinesh Kumar"]
[Result "1/2-1/2"]
[WhiteElo "2571"]
[BlackElo "2385"]
[Annotator "Lukacs,P"]
[PlyCount "92"]
[EventDate "2001.04.15"]
[EventType "swiss"]
[EventRounds "9"]
[EventCountry "UAE"]
[SourceTitle "CBM 083"]
[Source "ChessBase"]
[SourceDate "2001.07.05"]
[SourceVersion "1"]
[SourceVersionDate "2001.07.05"]
[SourceQuality "1"]

1. e4 e5 2. Nf3 Nc6 3. Bc4 Bc5 4. b4 Bxb4 5. c3 Ba5 6. d4 d6 7. Qb3 Qd7 8. dxe5
Bb6 {Lasker's defence against the Evans Gambit is still popular.} 9. Nbd2 $142
Na5 10. Qc2 Nxc4 11. Nxc4 {This is the critical position. Now Black is on a
crossroad.} Bc5 $6 (11... d5 $1 {It seems that this move may solve Black's
problems in the [+].} 12. Bg5 $5 (12. Ne3 $5 dxe4 13. Qxe4 Ne7 14. Ba3 $1 Qc6 {
If Black can finish development, his ^^ and the weakened white pawns on the <<
secure him a comfortable game.} 15. Qb4 Ng6 16. O-O (16. Nd4 Qe4 $1) 16... Bd7
{/\ 0-0-0} 17. Nd4 (17. e6 $2 Qxe6 18. Nd4 {founders on the "zwischenzug"} c5
$1 $19) (17. Rfe1 O-O-O 18. c4 Nf4 $1 19. Rad1 Qa4 20. c5 Ba5 $1 $17) 17... Qa4
18. Qxa4 Bxa4 19. Nc4 {White has to eliminate the strong ^^.} O-O-O 20. Nxb6+ {
(1/2-1/2 Bagirov-Ernst, Osterkars 1995)} axb6 21. e6 $5 (21. f4 Bd7 22. Rae1
Rhe8 23. Bc1 c5 24. Nf3 Bb5 25. Rf2 Bd3 {with a total control over the light
squares.} 26. Rb2 Kc7 $13) 21... c5 $132) (12. Nxb6 axb6 13. O-O dxe4 14. Qxe4
Qg4 {Black has a good game, if he can maintain the pressure on the light
squares because of the ^-.} 15. Bf4 $5 (15. Qxg4 Bxg4 16. Nd4 Ne7 17. f4 Be6
18. Nb5 Kd7 19. Rf2 Rhd8 20. Ba3 Nf5 21. g4 Ne3 22. f5 Bc4 23. e6+ fxe6 24.
fxe6+ Kc8 $19 {Feinstein-Norman, corr England 1991}) (15. Qe3 Ne7 16. Nd4 O-O
17. h3 Qg6 18. f4 c5 19. Nb5 Rd8 20. Nd6 Nf5 21. Nxc8 Raxc8 {and Black has the
strong blockading N versus the bad B.} 22. Qf3 h5 23. g4 (23. Qxb7 $2 Rc6 24.
Qa6 c4 25. Qa4 Rd3 26. Rb1 Rxh3 $19 {Estrin-Palciauskas, corr World ch 1978-84}
) 23... hxg4 24. hxg4 Nh6 25. f5 Qxg4+ 26. Qxg4 Nxg4 27. e6 Rd3 $19) 15... Ne7
16. h3 (16. Rfe1 Ng6 17. Bg3 Qxe4 18. Rxe4 Be6 19. Ng5 O-O 20. Nxe6 fxe6 {
White's B is again awkward, and Black has good chances to exploit the
weaknesses of the <<.} 21. h4 Ra5 22. Rd1 h5 $15 {Harding-Tiemann, cr 1988})
16... Qg6 $1 17. Qxg6 Nxg6 18. Bg3 Be6 19. a3 O-O $11 {Van Wieringen-Van der
Wijk, NLD-ch corr 1988}) (12. exd5 Qxd5 13. Qa4+ (13. Ne3 Qc5 14. O-O Be6 {^^})
13... Bd7 14. Nxb6 $1 cxb6 15. Qb4 $5 (15. Qd4 Bc6 (15... Qxd4 16. Nxd4 (16.
cxd4 Ne7 17. O-O O-O 18. Re1 Nd5 {This excellent blockading N secures Black
the edge.} 19. Bd2 Rfc8 $15 {Comp Comet-Comp Virtaal Chess Paderborn WHCCC-13
1995}) 16... Rc8 17. Bd2 (17. Kd2 Ne7 18. Ba3 Nd5 19. Rhc1 Rc4 $15 {with a
total blockade on the light squares, Cafferty-Rutherford, England 1996.}) 17...
Ne7 {and only Black can be better.}) (15... Ne7 16. Ba3 Rc8 $1 (16... Be6 17.
O-O Qxd4 18. Nxd4 Nd5 19. Nb5 $16 {>< d6, I.Carlsson-Abrahamsson, corr 1991.})
17. Rd1 Qxd4 18. cxd4 Nd5 {This _|_ is again favourable for Black despite of
the ^-.} 19. O-O Rc3 20. Bb2 Rc4 21. Rc1 Rb4 22. Rc2 Bf5 23. Rd2 Ra4 24. a3 Ke7
$15 {Tronhjem-Mooij, corr Lewkowitz mem 1999}) 16. O-O O-O-O $11) 15... Ne7 (
15... Bb5 $5 16. Nd4 Qxe5+ 17. Be3 (17. Kd1 $2 O-O-O $17) 17... Bd7 18. O-O Qc5
19. Rfe1 $1 (19. Qb1 $2 Ne7 20. Re1 Qd6 21. Qe4 Qd5 22. Qh4 Ng6 23. Bc1+ Be6
24. Nxe6 fxe6 25. Qg4 (25. Qa4+ $2 b5 26. Qa3 Kf7 {The K has reached a safe
place.} 27. Be3 Rhd8 $17 {Pedro Rodriguez-Valdes, Cuba 1990}) 25... O-O 26.
Qxe6+ Qxe6 27. Rxe6 Rac8 $11 {and the weaknesses of the << begin to tell.})
19... O-O-O $44) 16. O-O Be6 $1 $11 (16... Nc6 17. Qh4 Bf5 18. Ba3 Qe4 19. Qg5
Qg4 20. Qd2 {White has to keep the queens on the board.} Be4 21. h3 Qd7 $14 {
Norri-Rantanen, FIN-chT 1996})) 12... h6 $1 {is the cold-blooded answer.} (
12... Qg4 $6 13. O-O-O $1 (13. Nxb6 axb6 14. Qd3 h6 {(Wieringen-Schlosser,
corr 1989)} 15. Bh4 g5 16. exd5 Bf5 {White has no real threats for the piece.}
17. Qb5+ Bd7 18. Qd3 gxh4 19. O-O h3 20. g3 Bf5 $19 {Cafferty}) 13... h6 (13...
f6 $2 14. exf6 gxf6 15. Ne3 Qxe4 16. Qb3 $1 fxg5 17. Nxd5 {This is a typical
-> against the K in the middle.} Kf8 18. Rhe1 Qg6 19. Ne7 Qf7 20. Rd8+ Kg7 21.
Qxf7+ Kxf7 22. Nxc8 Kf6 23. Ree8 $18 {Limayo-Lins Rosas, corr 1998}) (13...
Qxg2 $2 14. Qd3 f6 15. Rhg1 Qxf2 16. exf6 gxf6 17. Qxd5 {The black K is again
exposed!} Qxf3 18. Rg3 Qxd1+ 19. Qxd1 Be6 20. Bh4 Ne7 21. Qa4+ Nc6 22. Bxf6 Rf8
23. e5 $18 {Malmstrom-Barkwell, corr 1997}) 14. e6 $1 Bxe6 15. Nxb6 axb6 16.
exd5 {White has to open up the central lines against the K in the middle.} hxg5
17. dxe6 fxe6 18. Qg6+ Kf8 19. Rd7 Qf4+ 20. Kb2 Qf6 21. Qxg5 $16 {Cafferty}) (
12... dxc4 $2 {is losing in view of} 13. Rd1 $18) 13. Bh4 g5 $1 {is the
consistant reply.} (13... Qg4 14. Nxb6 $5 (14. O-O-O g5 $5 15. Nxb6 axb6 16.
Bg3 Qxe4 17. Qxe4 dxe4 18. Nd4 {White has a strong lead of development, which
can be annoying even without queens.} c5 19. Nb5 Ke7 20. Rd2 Be6 21. Kb1 $13 {
Harding}) 14... axb6 15. exd5 Qxg2 16. Ke2 $13 {Palkovi}) 14. Nxb6 axb6 15. Bg3
dxe4 16. Qxe4 Qe7 $15 {Rohde} (16... Qf5)) 12. exd6 $142 (12. O-O Qe6 (12... d5
{is not so strong anymore.} 13. exd5 (13. Rd1 $5 Qb5 14. Ne3 dxe4 15. Nd4 Bxd4
16. cxd4 {and the central pawns are rather dangerous.}) (13. Be3 $6 {is not so
effective in view of} Qb5 $1 14. Ncd2 Bxe3 15. fxe3 Ne7 $13) 13... Qxd5 14. Ne3
Qe6 15. Rd1 Ne7 16. Ng5 Qg6 17. Qa4+ $14) 13. Qb3 Ne7 14. Nd4 Bxd4 $1 {Black
has to eliminate the strong N in order to get time for his development.} (14...
Qg6 $6 15. exd6 cxd6 16. e5 $1 O-O 17. Nxd6 (17. exd6 Bxd6 18. Nxd6 Qxd6 {
- 17.Nxd6}) 17... Bxd6 (17... Be6 18. Nxe6 fxe6 19. Be3 $18 {Ernst-Olsson,
SWE-ch Karlskrona 1983}) 18. exd6 Qxd6 19. Ba3 Qf6 20. Rfe1 $16 {with a big
lead of development for White.}) 15. cxd4 d5 $1 {Black is playing for a
blockade on the light squares.} (15... dxe5 16. Nxe5 c6 (16... O-O 17. Qxe6
Bxe6 18. d5 $14) 17. Ba3 $14) 16. exd5 Qxd5 $1 (16... Nxd5 17. Ba3) 17. Ba3 (
17. Qc3 Nf5) 17... Be6 18. Bxe7 Qxc4 19. Qxc4 Bxc4 20. Rfc1 b5 $11 {^-}) 12...
cxd6 $6 {This allows White to put a strong pressure on >< d6.} (12... Bxd6 $142
13. O-O Be7 {Black wants to keep his ^^.} (13... Qe6 $6 14. Nxd6+ Qxd6 15. Rd1
Qa6 16. Bf4 c5 17. Rd6 b6 18. Qd2 {Now Black can hardly finish his development
in this game.} Be6 (18... Bg4 $2 19. Ne5 Qc8 20. Rc6 Qb7 21. Qd5 Bc8 22. Rxc8+
$18 {1:0 Sokolov-Kneller, corr SU 1977}) 19. Rd1 Qc8 20. Ng5 $16) 14. Ne3 (14.
Nce5 Qe6 15. Bf4 $14) 14... Nf6 15. Rd1 (15. Nf5 O-O 16. Bg5 $14) 15... Qc6 16.
Nd5 Nxd5 17. exd5 Qd6 18. Qe4 O-O 19. Bf4 Qd8 20. Nd4 {White has centralized
his pieces in a most effective way.} a6 $14 {Novoselski-Zlaticanin, corr YUG
1979}) 13. O-O $6 (13. Bf4 $142 {attacking the weakness on d6 was more to the
point.} b5 {Otherwise >< d6 may fall soon.} (13... Nf6 14. Bxd6 $1 Bxd6 15. Rd1
$16) (13... Qe6 14. Qd3 $1 Nf6 15. Ng5 Qg4 16. Nxd6+ Bxd6 17. Qxd6 Qxg2 18.
O-O-O $18) 14. Ne3 Ne7 15. Rd1 O-O {Lazovic-K.Knezevic, CRO-chT 1998} (15...
Bb7 16. Bxd6 $1) 16. Bxd6 $1 Bxd6 17. e5 $16) (13. Be3 Bxe3 14. Nxe3 Ne7 15.
O-O O-O 16. Rad1 Qc7 17. Rd2 Be6 18. Ng5 Ng6 19. Rfd1 Rfd8 (19... Rac8 20. Rxd6
Qxc3 21. Qxc3 Rxc3 22. Nxe6 fxe6 23. Rxe6 Nf4 24. Re7 Nd3 25. f3 $18 {
Sveshnikov-Gazarek, Ljubljana op 1998}) 20. Nxe6 fxe6 21. Qb3 Nf4 (21... Nf8
22. Nc4 $16) 22. g3 $16) 13... b5 ({Black had now time to finish his
development by} 13... Nf6 $142 $1 14. Bf4 (14. e5 dxe5 15. Ncxe5 Qb5 $1 (15...
Qf5 16. Qa4+) 16. Nd3 $1 (16. Nd4 Bxd4 17. cxd4 O-O $11 {blockading >< d5.}) (
16. Rb1 Qa6 $11) 16... Bf5 $1 (16... Be7 17. Re1 $14) (16... O-O $4 {loses to}
17. a4 $1 Qa5 18. Nxc5 $18) 17. Re1+ Kf8 {The strong ^^ compensates the K's
position.} 18. Nfe5 (18. c4 Qa5) 18... Re8 19. Qb3 Qxb3 20. axb3 Bxd3 21. Nxd3
Rxe1+ 22. Nxe1 Ke7 $11) 14... d5 $1 (14... Qe6 15. Nxd6+ $1 Bxd6 16. Bxd6 Qxd6
17. e5 $16) 15. Nce5 $142 (15. exd5 O-O $1 (15... Qxd5 16. Rfe1+ Be6 17. Nfe5
$14) (15... Nxd5 $6 16. Rfe1+ Kf8 17. Rad1 $16)) 15... Qe7 16. exd5 Nxd5 17.
Qa4+ Kf8 18. Rfe1 $14 {with better centralized pieces, and the K is also bad
on f8.}) 14. Na5 (14. Ne3 Nf6) 14... Qc7 $6 {This loses precious time.} (14...
Bb6 15. Nb3 Bb7 $13) 15. Nb3 Be6 $6 ({It was time for finishing the
development of the >> by} 15... Nf6 $5 16. Nfd4 (16. a4 bxa4 17. Nxc5 dxc5 18.
Qxa4+ Bd7 $11) (16. Bg5 Ng4 17. a4 bxa4 18. Nxc5 dxc5 19. Qxa4+ Bd7 20. Qc4 O-O
$11) 16... Bd7 17. Bg5 Ng4 18. Bf4 (18. h3 Ne5) 18... Ne5 19. Qe2 a6 $13) 16.
Nfd4 Bc4 17. Rd1 Ne7 (17... Nf6 {is already met by} 18. Nf5) 18. a4 Bxb3 19.
Nxb3 bxa4 (19... Bb4 20. axb5 Qxc3 21. Qxc3 Bxc3 22. Ra6 $16) 20. Nxc5 dxc5 (
20... Qxc5 21. Bf4 $18) 21. Qxa4+ Qc6 22. Be3 $18 O-O 23. Qxc6 Nxc6 24. Bxc5 {
White has won a P, and Black's remote o^ is not a worry because of the strong
B.} Rfd8 25. Rd5 (25. Rxd8+ Rxd8 26. Kf1 a5 27. Ke2 $16) 25... a5 26. f4 a4 {
The P cannot move further.} 27. Kf2 (27. Rxd8+ Nxd8 28. Ba3 Ne6 29. g3 $16)
27... Rdb8 28. Ke3 f6 29. Ra2 Rb3 30. Kd3 Ra5 31. Kc4 Rb1 32. Ba3 (32. Rd7 $1 {
was the clear-cut solution, for example:} Re1 33. Rc7 Rxe4+ (33... Nd8 34. Rc8
$18) 34. Kd5 $18) 32... Ra8 33. Kc5 {This K manoeuvre has some esthetic values
as well!} Rc8 34. Kd6 Rb6 35. Kd7 {What a K!} Na7 36. Rb2 (36. Ra5 Rb7+ 37. Ke6
Rb6+ 38. Kd5 Nb5 39. Bb4 a3) 36... Ra6 37. Rb7 $6 (37. Rc5 $6 Rxc5 38. Bxc5 a3
39. Rb8+ Kf7 40. f5 g5 $11) ({missing the winning simplification after} 37. Rd6
$1 Rxd6+ 38. Bxd6 Rxc3 39. e5 $18 {and the o^ on the e <-> will march ahead.})
37... Rxc3 38. Bb4 (38. Bc5 Nc6 39. Rc7 Na5 $11) 38... Rc4 39. e5 fxe5 40. fxe5
Nc6 {Now the N is back again.} 41. Ba3 Re4 42. e6 Rxe6 $1 $11 43. Kxe6 Nd8+ 44.
Kd7 Nxb7 45. Rd4 Rg6 46. g3 Rg5 1/2-1/2